[Event "HUN-chT 2122"]
[Site "Hungary"]
[Date "2022.04.10"]
[Round "9.11"]
[White "Ravasz, Laszlo Jr"]
[Black "Lakos, Nikoletta"]
[Result "1/2-1/2"]
[WhiteElo "2219"]
[BlackElo "2215"]
[PlyCount "61"]
[EventDate "2021.10.10"]
[EventType "team-tourn"]
[EventRounds "9"]
[EventCountry "HUN"]
[SourceTitle "EXT 2023"]
[Source "ChessBase"]
[SourceDate "2022.10.05"]
[SourceVersion "1"]
[SourceVersionDate "2022.10.05"]
[SourceQuality "1"]
[WhiteTeam "Biatorbagy"]
[BlackTeam "Haladas"]
[WhiteTeamCountry "HUN"]
[BlackTeamCountry "HUN"]

1. b4 d5 2. Bb2 Qd6 3. a3 c6 4. Nf3 Nd7 5. e3 e5 6. c4 Ngf6 7. cxd5 Nxd5 8. Nc3 Nxc3 9. dxc3 Qxd1+ 10. Rxd1 f6 11. Bc4 Nb6 12. Bb3 Bg4 13. h3 Bh5 14. g4 Bf7 15. Bc2 Bg6 16. e4 Nc4 17. Bc1 a5 18. Nd2 Bf7 19. Bb3 Nxd2 20. Bxf7+ Kxf7 21. Rxd2 Ke6 22. Ke2 Be7 23. Rhd1 axb4 24. axb4 Rhd8 25. Rxd8 Rxd8 26. Rxd8 Bxd8 27. Be3 b5 28. Bc5 g6 29. f3 Be7 30. Bxe7 Kxe7 31. Kf2 1/2-1/2

[Event "HUN-chT 1516"]
[Site "Hungary"]
[Date "2016.03.20"]
[Round "6.12"]
[White "Ravasz, Laszlo Jr"]
[Black "Juhasz, Barbara"]
[Result "1/2-1/2"]
[WhiteElo "2163"]
[BlackElo "2185"]
[PlyCount "70"]
[EventDate "2015.11.07"]
[EventType "team-tourn"]
[EventRounds "11"]
[EventCountry "HUN"]
[SourceTitle "CBM 171 Extra"]
[Source "ChessBase"]
[SourceDate "2016.04.26"]
[SourceVersion "1"]
[SourceVersionDate "2016.04.26"]
[SourceQuality "1"]
[WhiteTeam "Husi"]
[BlackTeam "Mako"]
[WhiteTeamCountry "HUN"]
[BlackTeamCountry "HUN"]

1. d4 g6 2. e4 Bg7 3. c4 Nc6 4. Be3 e5 5. d5 Nd4 6. Nc3 d6 7. Qd2 Ne7 8. Nge2 Nxe2 9. Bxe2 f5 10. f3 b6 11. a3 a5 12. Rc1 a4 13. Bd1 Bd7 14. Nb5 Ng8 15. exf5 gxf5 16. f4 e4 17. Bd4 Nf6 18. Nc3 0-0 19. 0-0 Re8 20. Re1 Qe7 21. Re3 Kh8 22. Rg3 Rg8 23. Ne2 Ng4 24. h3 Bxd4+ 25. Qxd4+ Nf6 26. Rcc3 Rxg3 27. Nxg3 Qg7 28. Nf1 Rg8 29. Rg3 Qh6 30. Rxg8+ Kxg8 31. g3 Kf7 32. Kg2 Qg6 33. Kf2 Qg7 34. Kg2 Qg6 35. Kf2 Qg7 1/2-1/2

[Event "Budapest-chT1 Lilienthal 1011"]
[Site "Budapest"]
[Date "2011.02.06"]
[Round "8"]
[White "Bea, Boglarka"]
[Black "Ravasz, Laszlo Jr"]
[Result "1/2-1/2"]
[WhiteElo "2109"]
[BlackElo "2215"]
[PlyCount "109"]
[EventDate "2010.09.19"]
[EventType "team-tourn"]
[EventRounds "11"]
[EventCountry "HUN"]
[SourceTitle "EXT 2020"]
[Source "ChessBase"]
[SourceDate "2019.10.17"]
[SourceVersion "1"]
[SourceVersionDate "2019.10.17"]
[SourceQuality "1"]
[WhiteTeam "Budapest Honved III"]
[BlackTeam "Barcza GSC"]
[WhiteTeamCountry "HUN"]
[BlackTeamCountry "HUN"]

1. e4 d6 2. d4 e5 3. Nf3 exd4 4. Nxd4 Nf6 5. Nc3 Be7 6. Bd3 a6 7. a4 c5 8. Nde2 Nc6 9. f4 h5 10. 0-0 Qb6 11. Kh1 Nb4 12. e5 dxe5 13. fxe5 Ng4 14. a5 Nxd3 15. Qxd3 Qc6 16. Nf4 Nxe5 17. Qe2 f6 18. Nfd5 Bg4 19. Qe4 Bd6 20. Bf4 0-0 21. h3 Be6 22. Rad1 Rae8 23. Bxe5 Bxe5 24. Qh4 Bxc3 25. Nxc3 Bf7 26. Rf5 Rd8 27. Rdf1 Rd4 28. Qg3 h4 29. Qf2 Rfd8 30. Qe3 Bg6 31. R5f2 Qc7 32. Ne2 Re4 33. Qf3 Re5 34. Nf4 Be4 35. Qg4 Qc8 36. Qxh4 Rg5 37. Re2 Re8 38. Rfe1 Rge5 39. Qg3 Qc6 40. Kh2 c4 41. c3 Rxa5 42. Qg4 Rg5 43. Qh4 Rge5 44. Rf2 Qd6 45. Kg1 Bd3 46. Rxe5 Rxe5 47. Rf3 Be4 48. Rg3 b5 49. Nh5 Qd1+ 50. Kh2 Rxh5 51. Qxe4 Qd7 52. Qa8+ Kh7 53. Qxa6 Qc7 54. Qe6 Rg5 55. Qe4+ 1/2-1/2

[Event "Budapest-chT1 Lilienthal 1011"]
[Site "Budapest"]
[Date "2010.10.03"]
[Round "2"]
[White "Bodrogi, Mihaly"]
[Black "Ravasz, Laszlo Jr"]
[Result "0-1"]
[WhiteElo "2139"]
[BlackElo "2215"]
[PlyCount "60"]
[EventDate "2010.09.19"]
[EventType "team-tourn"]
[EventRounds "11"]
[EventCountry "HUN"]
[SourceTitle "EXT 2020"]
[Source "ChessBase"]
[SourceDate "2019.10.17"]
[SourceVersion "1"]
[SourceVersionDate "2019.10.17"]
[SourceQuality "1"]
[WhiteTeam "Budapest EAC III"]
[BlackTeam "Barcza GSC"]
[WhiteTeamCountry "HUN"]
[BlackTeamCountry "HUN"]

1. e4 d6 2. g3 e5 3. Bg2 Nc6 4. c3 g6 5. d4 Bg7 6. Ne2 Nge7 7. 0-0 0-0 8. Na3 f5 9. dxe5 dxe5 10. Qb3+ Kh8 11. Rd1 Qe8 12. Nb5 Na5 13. Qa4 a6 14. Qxa5 Qxb5 15. Qxb5 axb5 16. Be3 Re8 17. Nc1 fxe4 18. Bxe4 Nf5 19. Bc5 c6 20. Bc2 Nh6 21. Kg2 Nf7 22. Bb3 Ng5 23. Be3 Bh3+ 24. Kh1 Bf6 25. Rd6 Ne4 26. Rd3 Rf8 27. Kg1 Bg5 28. Bxg5 Rxf2 29. Ne2 Rg2+ 30. Kf1 Rxh2+ 0-1

[Event "HUN-chT2 Erkel 0910"]
[Site "Hungary"]
[Date "2010.03.21"]
[Round "8.2"]
[White "Nagyajtai, Gabor"]
[Black "Ravasz, Laszlo Jr"]
[Result "1/2-1/2"]
[WhiteElo "2179"]
[BlackElo "2179"]
[PlyCount "79"]
[EventDate "2009.11.08"]
[EventType "team-tourn"]
[EventRounds "11"]
[EventCountry "HUN"]
[SourceTitle "EXT 2011"]
[Source "ChessBase"]
[SourceDate "2010.11.26"]
[SourceVersion "1"]
[SourceVersionDate "2010.11.26"]
[SourceQuality "1"]
[WhiteTeam "Godollo"]
[BlackTeam "Barcza"]
[WhiteTeamCountry "HUN"]
[BlackTeamCountry "HUN"]

1. d4 Nf6 2. Nf3 b6 3. Bg5 Bb7 4. Nbd2 c5 5. e3 e6 6. Bd3 Be7 7. 0-0 h6 8. Bh4 d6 9. c3 Nbd7 10. Qe2 g5 11. Bg3 h5 12. e4 h4 13. Bxd6 Bxd6 14. e5 g4 15. Ne1 Bc7 16. exf6 Bxh2+ 17. Kxh2 Qc7+ 18. Kg1 h3 19. f4 gxf3 20. gxf3 Nxf6 21. Qe5 h2+ 22. Kh1 Qxe5 23. dxe5 Nh5 24. Kxh2 0-0-0 25. Ne4 Bxe4 26. Ba6+ Kb8 27. Kg2 Rd2+ 28. Rf2 Rg8+ 29. Kf1 Ng3+ 30. Kg1 Ne2+ 31. Kh1 Rh8+ 32. Kg2 Rg8+ 33. Kh2 Rh8+ 34. Kg2 Nf4+ 35. Kg3 Nh5+ 36. Kg2 Rg8+ 37. Kf1 Ng3+ 38. Kg1 Ne2+ 39. Kh1 Ng3+ 40. Kg1 1/2-1/2

[Event "HUN-chT2 Erkel 0910"]
[Site "Hungary"]
[Date "2010.01.31"]
[Round "5.2"]
[White "Feher, Adam"]
[Black "Ravasz, Laszlo Jr"]
[Result "1-0"]
[WhiteElo "2224"]
[BlackElo "2179"]
[PlyCount "117"]
[EventDate "2009.11.08"]
[EventType "team-tourn"]
[EventRounds "11"]
[EventCountry "HUN"]
[SourceTitle "EXT 2011"]
[Source "ChessBase"]
[SourceDate "2010.11.26"]
[SourceVersion "1"]
[SourceVersionDate "2010.11.26"]
[SourceQuality "1"]
[WhiteTeam "Budapest MTK"]
[BlackTeam "Barcza"]
[WhiteTeamCountry "HUN"]
[BlackTeamCountry "HUN"]

1. e4 c6 2. d4 d5 3. Nc3 g6 4. Nf3 Nf6 5. e5 Nh5 6. h3 Ng7 7. Be2 h5 8. Bg5 Nd7 9. Qd2 Qc7 10. 0-0-0 b5 11. g4 Nb6 12. Bf4 e6 13. Bg5 Nc4 14. Qe1 Rb8 15. Rg1 Be7 16. Bxe7 Qxe7 17. Nb1 Bd7 18. b3 Nb6 19. Qc3 b4 20. Qc5 Kd8 21. Qxe7+ Kxe7 22. Ne1 Bc8 23. Rd2 Nd7 24. Nd3 hxg4 25. hxg4 Rh2 26. Kb2 a5 27. Rc1 Ba6 28. c3 Bxd3 29. Bxd3 c5 30. cxb4 axb4 31. f4 Rxd2+ 32. Nxd2 cxd4 33. Nf3 g5 34. Nxg5 Rb7 35. Nf3 f6 36. exf6+ Nxf6 37. Nxd4 Kd6 38. g5 Nfh5 39. Ne2 e5 40. fxe5+ Kxe5 41. Rf1 Kd6 42. g6 Ne6 43. a4 bxa3+ 44. Kxa3 Nc5 45. Bc2 Ng7 46. b4 Ra7+ 47. Kb2 Na6 48. Ra1 Kc6 49. Bd3 Kb6 50. Rxa6+ Rxa6 51. Bxa6 Kxa6 52. Kc3 Kb5 53. Nf4 d4+ 54. Kxd4 Nf5+ 55. Ke5 Ne7 56. g7 Ng8 57. Nd3 Kc6 58. Ke6 Nh6 59. Ke7 1-0

[Event "HUN-chT2 Erkel 0910"]
[Site "Hungary"]
[Date "2009.12.20"]
[Round "4.2"]
[White "Ravasz, Laszlo Jr"]
[Black "Nogrady, Vilmos"]
[Result "1-0"]
[WhiteElo "2179"]
[BlackElo "2231"]
[PlyCount "77"]
[EventDate "2009.11.08"]
[EventType "team-tourn"]
[EventRounds "11"]
[EventCountry "HUN"]
[SourceTitle "EXT 2011"]
[Source "ChessBase"]
[SourceDate "2010.11.26"]
[SourceVersion "1"]
[SourceVersionDate "2010.11.26"]
[SourceQuality "1"]
[WhiteTeam "Barcza"]
[BlackTeam "Foti"]
[WhiteTeamCountry "HUN"]
[BlackTeamCountry "HUN"]

1. d4 Nf6 2. c4 g6 3. Nc3 d5 4. Nf3 Bg7 5. e3 0-0 6. Bd3 c5 7. 0-0 cxd4 8. exd4 Nc6 9. h3 Nb4 10. Be2 Bf5 11. a3 Nc6 12. c5 Ne4 13. Be3 e5 14. Rc1 Nxc3 15. Rxc3 e4 16. Ne1 Be6 17. b4 a6 18. Nc2 h6 19. a4 f5 20. b5 axb5 21. axb5 Ne7 22. f4 Qc7 23. Nb4 Bf6 24. Qd2 Ra4 25. Rb1 Rfa8 26. c6 bxc6 27. Nxc6 Ra2 28. Rb2 Rxb2 29. Qxb2 Qb7 30. Qb4 Kf7 31. Qd6 Qd7 32. Ne5+ Bxe5 33. Qxe5 Ra2 34. Rc7 Qe8 35. Bf1 Ra1 36. Qd6 Rxf1+ 37. Kxf1 Qxb5+ 38. Kg1 Qe8 39. Bd2 1-0

[Event "HUN-chT2 Erkel 0910"]
[Site "Hungary"]
[Date "2009.11.22"]
[Round "2.2"]
[White "Ravasz, Laszlo Jr"]
[Black "Molnar, Laszlo"]
[Result "1-0"]
[WhiteElo "2179"]
[BlackElo "2267"]
[PlyCount "77"]
[EventDate "2009.11.08"]
[EventType "team-tourn"]
[EventRounds "11"]
[EventCountry "HUN"]
[SourceTitle "EXT 2011"]
[Source "ChessBase"]
[SourceDate "2010.11.26"]
[SourceVersion "1"]
[SourceVersionDate "2010.11.26"]
[SourceQuality "1"]
[WhiteTeam "Barcza"]
[BlackTeam "Ujszasz"]
[WhiteTeamCountry "HUN"]
[BlackTeamCountry "HUN"]

1. d4 Nf6 2. c4 g6 3. Nc3 d5 4. Nf3 Bg7 5. e3 0-0 6. cxd5 Nxd5 7. Bc4 Nxc3 8. bxc3 c5 9. 0-0 Nc6 10. Ba3 cxd4 11. cxd4 Qa5 12. Qb3 Bg4 13. Rac1 Rac8 14. Bd5 Qd8 15. h3 Na5 16. Qb4 Qxd5 17. hxg4 Nc4 18. e4 Qe6 19. Qxe7 Qa6 20. Bb4 Rfe8 21. Qg5 Rxe4 22. Qd5 Ree8 23. Ng5 Qf6 24. Rxc4 Rxc4 25. Qxc4 Qxg5 26. d5 Rd8 27. Re1 Be5 28. g3 Qf6 29. f4 Bd4+ 30. Kg2 Qb6 31. Be7 Re8 32. d6 Bc5 33. Qa4 Ra8 34. d7 Bxe7 35. Rxe7 Qb2+ 36. Kh3 Qa1 37. Re8+ Kg7 38. Qe4 h5 39. Qe5+ 1-0

[Event "HUN-chT2 Charousek 0809"]
[Site "Hungary"]
[Date "2009.01.11"]
[Round "5"]
[White "Krizsany, Laszlo"]
[Black "Ravasz, Laszlo Jr"]
[Result "1-0"]
[WhiteElo "2442"]
[BlackElo "2210"]
[PlyCount "107"]
[EventDate "2008.10.26"]
[EventType "team-tourn"]
[EventRounds "11"]
[EventCountry "HUN"]
[SourceTitle "EXT 2010"]
[Source "ChessBase"]
[SourceDate "2010.11.25"]
[SourceVersion "1"]
[SourceVersionDate "2010.11.25"]
[SourceQuality "1"]
[WhiteTeam "Aquaprofit II"]
[BlackTeam "Barcza"]
[WhiteTeamCountry "HUN"]
[BlackTeamCountry "HUN"]

1. d4 Nf6 2. c4 e6 3. Nf3 b6 4. g3 Bb7 5. Bg2 c5 6. d5 b5 7. Bg5 h6 8. Bxf6 Qxf6 9. Nc3 bxc4 10. Nd2 exd5 11. Nxc4 Na6 12. Bxd5 Bxd5 13. Qxd5 Rd8 14. 0-0-0 Be7 15. Qb7 Qc6 16. Qxc6 dxc6 17. Rxd8+ Kxd8 18. Ne5 Kc7 19. Rd1 Nb8 20. f4 Rf8 21. Nc4 f5 22. e4 fxe4 23. Nxe4 g5 24. fxg5 hxg5 25. Ne5 Rf5 26. Ng6 Bf6 27. g4 Rf3 28. Nxc5 Rf2 29. Rd2 Rf1+ 30. Kc2 Kb6 31. Ne4 Na6 32. Rf2 Nb4+ 33. Kb3 Rxf2 34. Nxf2 Nd5 35. Ne4 c5 36. Nxf6 Nxf6 37. Ne5 Kc7 38. Kc4 Kd6 39. Nf7+ Ke7 40. Nxg5 Nxg4 41. h4 Ne5+ 42. Kxc5 Nd3+ 43. Kb5 Nxb2 44. Ka6 Na4 45. Ne4 Ke6 46. Kxa7 Nb2 47. Ka6 Nd3 48. Kb5 Kf5 49. h5 Ne5 50. a4 Nf7 51. a5 Kxe4 52. a6 Nd6+ 53. Kb4 Nc8 54. h6 1-0

[Event "HUN-chT2 Charousek 0809"]
[Site "Hungary"]
[Date "2008.12.21"]
[Round "4"]
[White "Ravasz, Laszlo Jr"]
[Black "Bodo, Norbert"]
[Result "0-1"]
[WhiteElo "2210"]
[BlackElo "2407"]
[PlyCount "34"]
[EventDate "2008.10.26"]
[EventType "team-tourn"]
[EventRounds "11"]
[EventCountry "HUN"]
[SourceTitle "EXT 2010"]
[Source "ChessBase"]
[SourceDate "2010.11.25"]
[SourceVersion "1"]
[SourceVersionDate "2010.11.25"]
[SourceQuality "1"]
[WhiteTeam "Barcza"]
[BlackTeam "Tapolca"]
[WhiteTeamCountry "HUN"]
[BlackTeamCountry "HUN"]

1. d4 d5 2. Nf3 Nf6 3. Bf4 c5 4. e3 Qb6 5. b3 Nc6 6. Be2 cxd4 7. exd4 Bg4 8. c3 e6 9. Nbd2 Ba3 10. Qc2 0-0 11. b4 Rfc8 12. Qb3 Bxb4 13. cxb4 Nxd4 14. Nxd4 Qxd4 15. Bxg4 Nxg4 16. 0-0 Qxf4 17. Nf3 Ne5 0-1

[Event "HUN-chT2 Charousek 0809"]
[Site "Hungary"]
[Date "2008.11.30"]
[Round "3"]
[White "Portisch, Gabor"]
[Black "Ravasz, Laszlo Jr"]
[Result "1-0"]
[WhiteElo "2340"]
[BlackElo "2210"]
[PlyCount "111"]
[EventDate "2008.10.26"]
[EventType "team-tourn"]
[EventRounds "11"]
[EventCountry "HUN"]
[SourceTitle "EXT 2010"]
[Source "ChessBase"]
[SourceDate "2010.11.25"]
[SourceVersion "1"]
[SourceVersionDate "2010.11.25"]
[SourceQuality "1"]
[WhiteTeam "Csuti II"]
[BlackTeam "Barcza"]
[WhiteTeamCountry "HUN"]
[BlackTeamCountry "HUN"]

1. d4 Nf6 2. Nc3 d5 3. Bg5 Bf5 4. f3 Nbd7 5. Nxd5 Nxd5 6. e4 h6 7. Bh4 Ne3 8. Qe2 Nxf1 9. exf5 Nf6 10. Bxf6 gxf6 11. Qb5+ c6 12. Qxb7 Rc8 13. Kxf1 Rc7 14. Qb3 Qxd4 15. Ne2 Qd7 16. Qd3 Qxd3 17. cxd3 h5 18. Rc1 Bh6 19. f4 Kd7 20. Kf2 e5 21. fxe6+ fxe6 22. Rc5 Bf8 23. Rc4 Bd6 24. Rhc1 h4 25. Kf3 f5 26. Nd4 Rhc8 27. Nb3 Rb8 28. R1c2 Rb4 29. Nd4 Rcb7 30. b3 c5 31. Ne2 Rb8 32. d4 cxd4 33. Nxd4 R8b6 34. Ke3 a5 35. Nf3 a4 36. Rxb4 Rxb4 37. Rc4 axb3 38. Rxb4 Bxb4 39. axb3 Be7 40. Kd4 Bd6 41. Ne5+ Kc7 42. Ng6 Kc6 43. Ke3 Bc5+ 44. Kf3 Kb5 45. Nxh4 Kb4 46. Ng6 Kxb3 47. h4 Bd4 48. Nf8 Bf6 49. h5 Kc4 50. Nxe6 Kd5 51. Ng5 Kd6 52. g4 fxg4+ 53. Kxg4 Ke7 54. Kf5 Bc3 55. Kg6 Kf8 56. h6 1-0

[Event "HUN-chT2 Maroczy 0708"]
[Site "Hungary"]
[Date "2008.03.30"]
[Round "9"]
[White "Ravasz, Laszlo Jr"]
[Black "Kevei, Peter"]
[Result "1/2-1/2"]
[WhiteElo "2156"]
[BlackElo "2206"]
[PlyCount "136"]
[EventDate "2007.10.14"]
[EventType "team"]
[EventRounds "11"]
[EventCountry "HUN"]
[SourceTitle "EXT 2009"]
[Source "ChessBase"]
[SourceDate "2008.11.26"]
[SourceVersion "1"]
[SourceVersionDate "2008.11.26"]
[SourceQuality "1"]
[WhiteTeam "Barcza"]
[BlackTeam "Maroczy"]
[WhiteTeamCountry "HUN"]
[BlackTeamCountry "HUN"]

1. d4 Nf6 2. c4 g6 3. Nc3 Bg7 4. e4 d6 5. f3 0-0 6. Be3 Nc6 7. Qd2 e5 8. d5 Nd4 9. Nge2 c5 10. dxc6 bxc6 11. Nxd4 exd4 12. Bxd4 Re8 13. Be2 Qa5 14. 0-0 Ba6 15. Rad1 Kh8 16. g4 c5 17. Be3 Re6 18. Nb5 Qxd2 19. Rxd2 Ne8 20. Rfd1 Bxb5 21. cxb5 f5 22. gxf5 gxf5 23. Bc4 Rg6+ 24. Kh1 fxe4 25. Bd5 Rb8 26. Bxe4 Re6 27. Bf4 Rxb5 28. Bxd6 Rxd6 29. Rxd6 Nxd6 30. Rxd6 Bxb2 31. Rd7 h6 32. Rxa7 Rb6 33. Kg2 Be5 34. h4 c4 35. Kh3 c3 36. Kg4 Rb2 37. f4 Bd4 38. Rd7 c2 39. Bxc2 Rxc2 40. Rxd4 Rxa2 41. Kh5 Ra6 42. Rd7 Rf6 43. Kg4 Kg8 44. Kf3 Kf8 45. Ke4 Rb6 46. Ke5 Ke8 47. Rh7 Kf8 48. Kf5 Rb5+ 49. Kg6 Rb6+ 50. Kh5 Rf6 51. Kg4 Rb6 52. f5 Rc6 53. Rd7 Rb6 54. Kf4 Ke8 55. Rg7 Kf8 56. Rg6 Rb4+ 57. Kg3 Rb3+ 58. Kg4 Rb4+ 59. Kh5 Rf4 60. Rxh6 Rxf5+ 61. Kg6 Rf1 62. Rh8+ Ke7 63. Ra8 Rg1+ 64. Kh6 Kf7 65. h5 Rg2 66. Kh7 Rg7+ 67. Kh8 Rg1 68. h6 Rg2 1/2-1/2

[Event "HUN-chT2 Maroczy 0708"]
[Site "Hungary"]
[Date "2007.12.09"]
[Round "4"]
[White "Kaman, Attila"]
[Black "Ravasz, Laszlo Jr"]
[Result "0-1"]
[WhiteElo "2207"]
[BlackElo "2156"]
[PlyCount "110"]
[EventDate "2007.10.14"]
[EventType "team"]
[EventRounds "11"]
[EventCountry "HUN"]
[SourceTitle "EXT 2009"]
[Source "ChessBase"]
[SourceDate "2008.11.26"]
[SourceVersion "1"]
[SourceVersionDate "2008.11.26"]
[SourceQuality "1"]
[WhiteTeam "Teva"]
[BlackTeam "Barcza"]
[WhiteTeamCountry "HUN"]
[BlackTeamCountry "HUN"]

1. c4 c5 2. Nc3 Nc6 3. g3 d6 4. Bg2 e5 5. e3 g6 6. Nge2 Bg7 7. 0-0 Nge7 8. a3 0-0 9. Rb1 a5 10. Nd5 Rb8 11. Nec3 Be6 12. d3 f5 13. Re1 g5 14. f4 Ng6 15. Kh1 g4 16. b4 axb4 17. axb4 cxb4 18. Nb5 h5 19. Nxb4 Nxb4 20. Rxb4 h4 21. Qb3 h3 22. Bf1 Re8 23. Bd2 Bf7 24. Nc3 exf4 25. exf4 Rxe1 26. Bxe1 Qe8 27. Bf2 Qc6+ 28. Kg1 Qf3 29. Ne2 Ra8 30. Qc2 d5 31. Nd4 Bxd4 32. Bxd4 dxc4 33. dxc4 Re8 34. Rb3 Qe4 35. Qf2 Rd8 36. Bb6 Rd1 37. Re3 Qb1 38. Rc3 Rxf1+ 39. Qxf1 Qxb6+ 40. c5 Qb2 41. Re3 Bd5 42. Qf2 Qxf2+ 43. Kxf2 Kf7 44. Ke2 Be4 45. Rb3 Ke6 46. Ke3 Ne7 47. Rb6+ Bc6 48. Kd4 Nd5 49. Rb3 Nf6 50. Rb6 Ne4 51. Rb3 Nd2 52. Rd3 Nf3+ 53. Ke3 Nxh2 54. Rd6+ Ke7 55. Rh6 Nf1+ 0-1

[Event "HUN-chT2 Erkel 0708"]
[Site "Hungary"]
[Date "2007.11.25"]
[Round "3"]
[White "Ravasz, Laszlo Jr"]
[Black "Szarvas, Sandor"]
[Result "1-0"]
[WhiteElo "2148"]
[BlackElo "2128"]
[PlyCount "49"]
[EventDate "2007.10.14"]
[EventType "team"]
[EventRounds "11"]
[EventCountry "HUN"]
[SourceTitle "EXT 2009"]
[Source "ChessBase"]
[SourceDate "2008.11.26"]
[SourceVersion "1"]
[SourceVersionDate "2008.11.26"]
[SourceQuality "1"]
[WhiteTeam "Godi"]
[BlackTeam "Paszto"]
[WhiteTeamCountry "HUN"]
[BlackTeamCountry "HUN"]

1. d4 g6 2. e4 Bg7 3. c3 d6 4. f4 c6 5. Nf3 Nf6 6. Bd3 0-0 7. 0-0 b6 8. Qc2 Qc7 9. c4 e6 10. Nc3 Bb7 11. e5 Ne8 12. Ng5 c5 13. d5 dxe5 14. dxe6 f6 15. Nxh7 Kxh7 16. Bxg6+ Kg8 17. Qf5 Bh6 18. Bxe8 Qg7 19. Bf7+ Kh8 20. Nd5 Na6 21. Rf3 Rxf7 22. exf7 Bxd5 23. cxd5 c4 24. Rh3 Nb4 25. Qe4 1-0

[Event "HUN-chT2 Charousek 0607"]
[Site "Hungary"]
[Date "2007.04.29"]
[Round "9"]
[White "Ravasz, Laszlo Jr"]
[Black "Csiszar, Zoltan"]
[Result "1/2-1/2"]
[WhiteElo "2118"]
[BlackElo "2304"]
[PlyCount "127"]
[EventDate "2006.11.12"]
[EventType "team"]
[EventRounds "11"]
[EventCountry "HUN"]
[SourceTitle "EXT 2008"]
[Source "ChessBase"]
[SourceDate "2007.11.25"]
[SourceVersion "1"]
[SourceVersionDate "2007.11.25"]
[SourceQuality "1"]
[WhiteTeam "Barcza"]
[BlackTeam "Csuti II"]
[WhiteTeamCountry "HUN"]
[BlackTeamCountry "HUN"]

1. d4 Nf6 2. c4 e6 3. Nf3 b6 4. Nc3 Bb4 5. Qc2 Bb7 6. Bg5 0-0 7. e3 c5 8. Bd3 h6 9. Bh4 cxd4 10. Nxd4 Na6 11. 0-0 Be7 12. Be2 Rc8 13. Rfd1 Nb4 14. Qd2 a6 15. Rac1 Nc6 16. Bf3 Na5 17. b3 Qc7 18. Qe2 Rfd8 19. Bxb7 Qxb7 20. e4 d6 21. f4 Nxe4 22. Bxe7 Nxc3 23. Rxc3 Qxe7 24. Rg3 Qf6 25. Nf3 Nc6 26. Qf2 Rb8 27. Ne1 b5 28. Rgd3 bxc4 29. bxc4 Rb2 30. Qf3 Na5 31. Qe4 Nb7 32. Qf3 Rb6 33. Rb3 Rxb3 34. axb3 Rb8 35. Qc6 Qxf4 36. Qc7 Qe3+ 37. Kf1 Qa7 38. Rxd6 Qa8 39. Rd7 Nd8 40. Nf3 Rc8 41. Qd6 Nc6 42. Nd2 a5 43. Qf4 Rf8 44. Ne4 a4 45. bxa4 Qxa4 46. Rd3 Qa1+ 47. Kf2 Ne5 48. Rg3 f5 49. Nd2 g5 50. Ke2 Kf7 51. Qf2 Rd8 52. Qc5 Qb2 53. Qa5 Rd7 54. Qc3 Qa2 55. c5 Nc4 56. Rd3 Rxd3 57. Qxd3 Nxd2 58. Qd7+ Kf6 59. Qd8+ Ke5 60. Qd6+ Ke4 61. Qd3+ Kf4 62. Qe3+ Kg4 63. Qh3+ Kf4 64. Qe3+ 1/2-1/2

[Event "HUN-chT2 Charousek 0607"]
[Site "Hungary"]
[Date "2007.03.25"]
[Round "7"]
[White "Sardy, Peter"]
[Black "Ravasz, Laszlo Jr"]
[Result "1-0"]
[WhiteElo "2335"]
[BlackElo "2118"]
[PlyCount "91"]
[EventDate "2006.11.12"]
[EventType "team"]
[EventRounds "11"]
[EventCountry "HUN"]
[SourceTitle "EXT 2008"]
[Source "ChessBase"]
[SourceDate "2007.11.25"]
[SourceVersion "1"]
[SourceVersionDate "2007.11.25"]
[SourceQuality "1"]
[WhiteTeam "Lovo"]
[BlackTeam "Barcza"]
[WhiteTeamCountry "HUN"]
[BlackTeamCountry "HUN"]

1. e4 g6 2. d4 d6 3. h4 Nf6 4. Nc3 c6 5. Be2 h5 6. Bg5 Bg7 7. a4 Nbd7 8. Nf3 Qc7 9. Qd2 b6 10. 0-0 0-0 11. Rfe1 Re8 12. Ra3 e5 13. d5 cxd5 14. exd5 a6 15. Bh6 Ng4 16. Bxg7 Kxg7 17. b4 f5 18. Ng5 Ndf6 19. f3 Nh6 20. g3 Nf7 21. Nd1 Nxg5 22. hxg5 Ng8 23. Nf2 Bb7 24. c4 Qf7 25. Rd1 Ne7 26. a5 h4 27. g4 Rf8 28. axb6 fxg4 29. Nxg4 Nf5 30. Nf6 Qe7 31. Ne4 Nd4 32. Rd3 Rf5 33. Rxd4 exd4 34. Qxd4+ Kg8 35. Rd3 Re8 36. Bf1 Rxg5+ 37. Nxg5 Qxg5+ 38. Qg4 Qf6 39. Rd4 g5 40. Re4 Rxe4 41. Qxe4 Bc8 42. c5 Bf5 43. Qe3 dxc5 44. bxc5 Qd8 45. b7 Qc7 46. Qxg5+ 1-0

[Event "HUN-chT2 Charousek 0607"]
[Site "Hungary"]
[Date "2007.02.18"]
[Round "5"]
[White "Nagy, Zoltan"]
[Black "Ravasz, Laszlo Jr"]
[Result "1/2-1/2"]
[WhiteElo "2265"]
[BlackElo "2118"]
[PlyCount "40"]
[EventDate "2006.11.12"]
[EventType "team"]
[EventRounds "11"]
[EventCountry "HUN"]
[SourceTitle "EXT 2008"]
[Source "ChessBase"]
[SourceDate "2007.11.25"]
[SourceVersion "1"]
[SourceVersionDate "2007.11.25"]
[SourceQuality "1"]
[WhiteTeam "Tapolca"]
[BlackTeam "Barcza"]
[WhiteTeamCountry "HUN"]
[BlackTeamCountry "HUN"]

1. e4 g6 2. d4 Bg7 3. Nc3 c6 4. Nf3 d5 5. h3 dxe4 6. Nxe4 Nd7 7. Bd3 Ngf6 8. Qe2 Nxe4 9. Bxe4 Nf6 10. Bd3 e6 11. 0-0 0-0 12. c3 b6 13. Ne5 Bb7 14. Ba6 Bxa6 15. Qxa6 Qd5 16. Re1 Nd7 17. Nxd7 Qxd7 18. Bf4 Qc8 19. Qe2 Qb7 20. Be5 Rac8 1/2-1/2

[Event "HUN-chT2 Charousek 0607"]
[Site "Hungary"]
[Date "2006.11.12"]
[Round "1"]
[White "Baki, Peterne"]
[Black "Ravasz, Laszlo Jr"]
[Result "0-1"]
[WhiteElo "2110"]
[BlackElo "2118"]
[PlyCount "60"]
[EventDate "2006.11.12"]
[EventType "team"]
[EventRounds "11"]
[EventCountry "HUN"]
[SourceTitle "EXT 2008"]
[Source "ChessBase"]
[SourceDate "2007.11.25"]
[SourceVersion "1"]
[SourceVersionDate "2007.11.25"]
[SourceQuality "1"]
[WhiteTeam "Szentgotthard"]
[BlackTeam "Barcza"]
[WhiteTeamCountry "HUN"]
[BlackTeamCountry "HUN"]

1. e4 g6 2. d4 c6 3. Nc3 d5 4. Nf3 Nf6 5. e5 Nh5 6. h3 Ng7 7. Be2 h5 8. Bg5 Ne6 9. Be3 b5 10. Qd2 Nd7 11. Nh4 Nxe5 12. dxe5 d4 13. Bf3 Bb7 14. Be4 dxe3 15. Qxe3 Bh6 16. Qe2 Nd4 17. Qd3 e6 18. Nxg6 fxg6 19. Bxg6+ Ke7 20. Ne4 c5 21. Nxc5 Bxg2 22. Be4 Nf3+ 23. Bxf3 Qxd3 24. Nxd3 Bxf3 25. Rg1 Rac8 26. Rg3 Rhg8 27. a4 Rxg3 28. fxg3 Rxc2 29. axb5 Be3 30. Nf4 Rh2 0-1